[Event "Greek Team Championship"]
[Site "chess24.com"]
[Date "2017.07.08"]
[Round "7"]
[White "Bunis, Vassilis"]
[Black "Kalogridakis, Georgios"]
[Result "1/2-1/2"]
[Board "2"]
[WhiteElo "2237"]
[WhiteTitle "FM"]
[WhiteCountry "GRE"]
[WhiteFideId "4203127"]
[WhiteEloChange "-3"]
[BlackElo "2116"]
[BlackCountry "GRE"]
[BlackFideId "4249666"]
[BlackEloChange "3"]

1. e4 {[%clk 1:29:13]} c5 {[%clk 1:30:56]} 2. Nf3 {[%clk 1:29:38]} d6 {[%clk
1:31:23]} 3. d4 {[%clk 1:29:59]} cxd4 {[%clk 1:31:50]} 4. Nxd4 {[%clk 1:30:22]}
Nf6 {[%clk 1:32:17]} 5. Nc3 {[%clk 1:30:42]} a6 {[%clk 1:32:45]} 6. Be2 {[%clk
1:30:48]} e6 {[%clk 1:33:08]} 7. g4 {[%clk 1:31:09]} h6 {[%clk 1:27:56]} 8. Rg1
{[%clk 1:29:43]} Nc6 {[%clk 1:22:14]} 9. h4 {[%clk 1:29:50]} Nd7 {[%clk 1:21:05]}
10. g5 {[%clk 1:29:51]} hxg5 {[%clk 1:20:55]} 11. hxg5 {[%clk 1:30:10]} g6 {[%clk
1:19:29]} 12. Be3 {[%clk 1:30:22]} Qc7 {[%clk 1:08:08]} 13. Qd2 {[%clk 1:26:33]}
Na5 {[%clk 1:06:36]} 14. O-O-O {[%clk 1:23:46]} Ne5 {[%clk 1:06:45]} 15. b3
{[%clk 1:22:48]} Bd7 {[%clk 1:00:58]} 16. f4 {[%clk 1:19:40]} Nec6 {[%clk
0:42:06]} 17. Ndb5 {[%clk 1:19:28]} axb5 {[%clk 0:42:09]} 18. Nxb5 {[%clk
1:19:49]} Nxb3+ {[%clk 0:36:08]} 19. axb3 {[%clk 1:15:27]} Qa5 {[%clk 0:36:01]}
20. Qxa5 {[%clk 1:15:45]} Rxa5 {[%clk 0:36:18]} 21. Nxd6+ {[%clk 1:15:31]} Bxd6
{[%clk 0:35:33]} 22. Rxd6 {[%clk 1:15:14]} Ra1+ {[%clk 0:35:35]} 23. Kd2 {[%clk
1:15:29]} Rxg1 {[%clk 0:35:55]} 24. Bxg1 {[%clk 1:15:49]} Rh4 {[%clk 0:36:16]}
25. Be3 {[%clk 1:14:16]} e5 {[%clk 0:36:33]} 26. Rf6 {[%clk 1:13:43]} Rh2 {[%clk
0:32:07]} 27. fxe5 {[%clk 1:10:54]} Rh4 {[%clk 0:22:53]} 28. Bf4 {[%clk 1:01:54]}
Be6 {[%clk 0:20:33]} 29. Bd3 {[%clk 0:58:28]} Rg4 {[%clk 0:19:50]} 30. Kc3 {[%clk
0:58:24]} Rg1 {[%clk 0:18:45]} 31. b4 {[%clk 0:51:31]} Rb1 {[%clk 0:14:38]} 32.
b5 {[%clk 0:45:06]} Na7 {[%clk 0:14:06]} 33. Kd4 {[%clk 0:45:13]} Nxb5+ {[%clk
0:12:10]} 34. Kc5 {[%clk 0:45:33]} Na7 {[%clk 0:06:31]} 35. Bg3 {[%clk 0:36:44]}
Kd7 {[%clk 0:02:54]} 36. Rf1 {[%clk 0:36:32]} b6+ {[%clk 0:01:43]} 37. Kd4 {[%clk
0:36:53]} Rxf1 {[%clk 0:01:11]} 38. Bxf1 {[%clk 0:37:13]} Nc6+ {[%clk 0:00:48]}
39. Ke3 {[%clk 0:36:32]} Na7 {[%clk 0:00:40]} 40. Be1 {[%clk 1:06:35]} Nc6 {[%clk
0:30:47]} 41. Bb5 {[%clk 1:06:24]} Kc7 {[%clk 0:30:59]} 42. Bc3 {[%clk 1:06:00]}
Na7 {[%clk 0:27:02]} 43. Bd3 {[%clk 1:02:29]} Nc6 {[%clk 0:26:05]} 44. Ba6 {[%clk
1:02:49]} Ba2 {[%clk 0:23:16]} 45. Kd3 {[%clk 0:57:16]} Nd8 {[%clk 0:22:02]} 46.
Bb5 {[%clk 0:57:32]} Ne6 {[%clk 0:20:08]} 47. Bd2 {[%clk 0:57:48]} Nc5+ {[%clk
0:19:54]} 48. Kd4 {[%clk 0:55:06]} Ne6+ {[%clk 0:19:14]} 49. Kd3 {[%clk 0:48:47]}
Nc5+ {[%clk 0:19:31]} 50. Ke3 {[%clk 0:44:04]} Ne6 {[%clk 0:19:53]} 51. Kd3
{[%clk 0:44:04]} 1/2-1/2

[Event "Greek Team Championship"]
[Site "chess24.com"]
[Date "2017.07.08"]
[Round "7"]
[White "Seretakis, Nikolas"]
[Black "Kouvatsos, Filippos"]
[Result "1/2-1/2"]
[Board "3"]
[WhiteElo "2095"]
[WhiteCountry "GRE"]
[WhiteFideId "4201493"]
[WhiteEloChange "3"]
[BlackElo "2186"]
[BlackCountry "GRE"]
[BlackFideId "4205561"]
[BlackEloChange "-3"]

1. e4 {[%clk 1:30:44]} c6 {[%clk 1:29:33]} 2. d4 {[%clk 1:31:03]} d5 {[%clk
1:29:42]} 3. exd5 {[%clk 1:31:11]} cxd5 {[%clk 1:30:07]} 4. c4 {[%clk 1:31:35]}
Nf6 {[%clk 1:30:29]} 5. Nc3 {[%clk 1:31:57]} Nc6 {[%clk 1:30:25]} 6. Nf3 {[%clk
1:31:58]} Bg4 {[%clk 1:30:26]} 7. Qb3 {[%clk 1:31:57]} Bxf3 {[%clk 1:24:15]} 8.
gxf3 {[%clk 1:32:21]} Nxd4 {[%clk 1:18:23]} 9. Qd1 {[%clk 1:32:21]} dxc4 {[%clk
1:12:30]} 10. Bxc4 {[%clk 1:32:02]} Rc8 {[%clk 1:07:58]} 11. Bd3 {[%clk 1:31:19]}
g6 {[%clk 1:01:09]} 12. Be3 {[%clk 1:28:36]} Nc6 {[%clk 0:59:53]} 13. Bb5 {[%clk
1:20:59]} Qxd1+ {[%clk 0:58:23]} 14. Rxd1 {[%clk 1:21:07]} a6 {[%clk 0:58:03]}
15. Be2 {[%clk 1:21:29]} Bg7 {[%clk 0:53:00]} 16. O-O {[%clk 1:20:43]} O-O {[%clk
0:53:00]} 17. f4 {[%clk 1:20:33]} Rfd8 {[%clk 0:50:54]} 18. Bb6 {[%clk 1:16:59]}
Rxd1 {[%clk 0:48:44]} 19. Rxd1 {[%clk 1:17:23]} Ne8 {[%clk 0:47:23]} 20. Rd7
{[%clk 1:15:25]} Nd6 {[%clk 0:45:14]} 21. Nd5 {[%clk 0:46:58]} Bf8 {[%clk
0:38:03]} 22. Bc7 {[%clk 0:38:10]} Nf5 {[%clk 0:33:34]} 23. Bg4 {[%clk 0:31:20]}
e6 {[%clk 0:32:45]} 24. Ne3 {[%clk 0:20:37]} Nxe3 {[%clk 0:24:27]} 25. fxe3
{[%clk 0:21:02]} Bc5 {[%clk 0:23:15]} 26. Kf2 {[%clk 0:20:47]} Nb4 {[%clk
0:14:39]} 27. Bf3 {[%clk 0:20:54]} b6 {[%clk 0:14:50]} 28. Bb7 {[%clk 0:17:38]}
Re8 {[%clk 0:15:12]} 29. Be5 {[%clk 0:14:43]} Nxa2 {[%clk 0:14:52]} 30. Bxa6
{[%clk 0:14:42]} Nb4 {[%clk 0:15:15]} 31. Bb5 {[%clk 0:10:27]} Rf8 {[%clk
0:11:24]} 32. Kf3 {[%clk 0:09:13]} f6 {[%clk 0:10:22]} 33. Bd6 {[%clk 0:07:58]}
1/2-1/2

[Event "Greek Team Championship"]
[Site "chess24.com"]
[Date "2017.07.08"]
[Round "7"]
[White "Kazakos, Emmanouil"]
[Black "Vazelakis, Dimitrios"]
[Result "1-0"]
[Board "4"]
[WhiteElo "2117"]
[WhiteCountry "GRE"]
[WhiteFideId "4216555"]
[WhiteEloChange "4"]
[BlackElo "1866"]
[BlackCountry "GRE"]
[BlackFideId "4203674"]
[BlackEloChange "-4"]

1. e4 {[%clk 1:29:21]} c6 {[%clk 1:30:51]} 2. d4 {[%clk 1:29:47]} d5 {[%clk
1:31:16]} 3. Nc3 {[%clk 1:30:12]} dxe4 {[%clk 1:31:43]} 4. Nxe4 {[%clk 1:30:39]}
Bf5 {[%clk 1:32:06]} 5. Ng3 {[%clk 1:31:05]} Bg6 {[%clk 1:32:29]} 6. h4 {[%clk
1:31:33]} h6 {[%clk 1:32:39]} 7. Nf3 {[%clk 1:32:00]} Nd7 {[%clk 1:33:04]} 8. h5
{[%clk 1:32:27]} Bh7 {[%clk 1:33:30]} 9. Bd3 {[%clk 1:32:54]} Bxd3 {[%clk
1:33:48]} 10. Qxd3 {[%clk 1:33:21]} e6 {[%clk 1:33:54]} 11. Bd2 {[%clk 1:33:44]}
Ngf6 {[%clk 1:34:15]} 12. O-O-O {[%clk 1:34:04]} Be7 {[%clk 1:34:35]} 13. Kb1
{[%clk 1:33:34]} O-O {[%clk 1:34:42]} 14. Ne4 {[%clk 1:32:17]} Nxe4 {[%clk
1:29:46]} 15. Qxe4 {[%clk 1:32:41]} Nf6 {[%clk 1:30:11]} 16. Qe2 {[%clk 1:32:32]}
c5 {[%clk 1:30:01]} 17. dxc5 {[%clk 1:29:32]} Qc7 {[%clk 1:30:21]} 18. g4 {[%clk
1:29:55]} Nh7 {[%clk 1:25:42]} 19. Ne5 {[%clk 1:05:53]} Rac8 {[%clk 1:23:15]} 20.
Bc3 {[%clk 0:52:29]} Rfd8 {[%clk 1:21:30]} 21. f4 {[%clk 0:44:24]} Qxc5 {[%clk
1:17:49]} 22. g5 {[%clk 0:32:44]} hxg5 {[%clk 1:12:48]} 23. h6 {[%clk 0:32:25]}
g6 {[%clk 1:12:08]} 24. Nxg6 {[%clk 0:32:36]} Rxd1+ {[%clk 1:11:39]} 25. Rxd1
{[%clk 0:33:00]} Bf6 {[%clk 1:11:24]} 26. Ne5 {[%clk 0:30:25]} Rd8 {[%clk
1:06:54]} 27. Nd7 {[%clk 0:23:40]} Qe7 {[%clk 1:04:25]} 28. Nxf6+ {[%clk
0:23:19]} Nxf6 {[%clk 1:04:45]} 29. fxg5 {[%clk 0:23:13]} Rxd1+ {[%clk 1:03:54]}
30. Qxd1 {[%clk 0:23:38]} Nd5 {[%clk 1:01:49]} 31. h7+ {[%clk 0:23:58]} 1-0

[Event "Greek Team Championship"]
[Site "chess24.com"]
[Date "2017.07.08"]
[Round "7"]
[White "Seretaki, Konstantina"]
[Black "Kotsoglou, Evi"]
[Result "1/2-1/2"]
[Board "5"]
[WhiteElo "1572"]
[WhiteCountry "GRE"]
[WhiteFideId "4206215"]
[WhiteEloChange "-4"]
[BlackElo "1409"]
[BlackCountry "GRE"]
[BlackFideId "4260422"]
[BlackEloChange "4"]

1. d4 {[%clk 1:30:57]} d5 {[%clk 1:28:35]} 2. c4 {[%clk 1:31:22]} c6 {[%clk
1:28:36]} 3. Nf3 {[%clk 1:31:09]} Nf6 {[%clk 1:28:06]} 4. Nc3 {[%clk 1:30:56]} e6
{[%clk 1:27:36]} 5. Bg5 {[%clk 1:31:05]} Be7 {[%clk 1:27:31]} 6. e3 {[%clk
1:31:22]} Nbd7 {[%clk 1:26:32]} 7. Rc1 {[%clk 1:27:18]} O-O {[%clk 1:24:54]} 8.
c5 {[%clk 1:26:26]} Qc7 {[%clk 1:03:11]} 9. b4 {[%clk 1:24:51]} e5 {[%clk
0:52:07]} 10. Nxe5 {[%clk 1:24:26]} Nxe5 {[%clk 0:48:00]} 11. Bf4 {[%clk
1:22:55]} Nfd7 {[%clk 0:41:13]} 12. dxe5 {[%clk 1:20:48]} Nxe5 {[%clk 0:39:35]}
13. Be2 {[%clk 1:21:02]} Bf6 {[%clk 0:39:08]} 14. O-O {[%clk 1:19:37]} Qe7 {[%clk
0:37:10]} 15. a3 {[%clk 1:16:53]} Re8 {[%clk 0:33:52]} 16. Re1 {[%clk 1:05:35]}
a6 {[%clk 0:26:28]} 17. Nb1 {[%clk 1:03:52]} Bf5 {[%clk 0:22:33]} 18. Bxe5 {[%clk
1:00:55]} Bxe5 {[%clk 0:22:22]} 19. Nd2 {[%clk 0:52:32]} Bb2 {[%clk 0:20:25]} 20.
Nf3 {[%clk 0:51:11]} Bxc1 {[%clk 0:19:42]} 21. Qxc1 {[%clk 0:50:27]} Be4 {[%clk
0:18:35]} 22. Qd1 {[%clk 0:43:56]} Qf6 {[%clk 0:17:11]} 23. Nd4 {[%clk 0:41:45]}
Qg6 {[%clk 0:14:22]} 24. Bf3 {[%clk 0:40:42]} Rad8 {[%clk 0:14:07]} 25. g3 {[%clk
0:36:50]} Re7 {[%clk 0:10:10]} 26. a4 {[%clk 0:20:40]} Rde8 {[%clk 0:07:46]} 27.
Bg2 {[%clk 0:18:43]} Bxg2 {[%clk 0:06:54]} 28. Kxg2 {[%clk 0:19:02]} Re4 {[%clk
0:06:16]} 29. Kf1 {[%clk 0:15:18]} Qf6 {[%clk 0:05:45]} 30. Qd3 {[%clk 0:12:58]}
h5 {[%clk 0:01:56]} 31. h4 {[%clk 0:12:09]} Qg6 {[%clk 0:00:43]} 32. Qd1 {[%clk
0:10:05]} Qg4 {[%clk 0:00:50]} 33. Qxg4 {[%clk 0:08:51]} hxg4 {[%clk 0:01:18]}
34. Rb1 {[%clk 0:08:39]} Rc8 {[%clk 0:00:46]} 35. b5 {[%clk 0:07:03]} axb5 {[%clk
0:01:10]} 36. axb5 {[%clk 0:07:29]} g6 {[%clk 0:00:41]} 37. bxc6 {[%clk 0:07:42]}
bxc6 {[%clk 0:00:50]} 38. Rb6 {[%clk 0:07:25]} Kf8 {[%clk 0:00:38]} 39. Rb7
{[%clk 0:05:28]} Re7 {[%clk 0:00:39]} 40. Rb6 {[%clk 0:35:37]} Rec7 {[%clk
0:30:43]} 41. Kg2 {[%clk 0:31:02]} Ke7 {[%clk 0:29:47]} 42. f3 {[%clk 0:31:12]}
gxf3+ {[%clk 0:29:14]} 43. Kxf3 {[%clk 0:31:29]} Kf6 {[%clk 0:24:16]} 44. Kf4
{[%clk 0:31:49]} Ke7 {[%clk 0:17:24]} 45. Kg5 {[%clk 0:29:11]} Kd7 {[%clk
0:13:22]} 46. Kf4 {[%clk 0:25:17]} Re8 {[%clk 0:13:07]} 47. g4 {[%clk 0:23:02]}
Re4+ {[%clk 0:09:41]} 48. Kf3 {[%clk 0:23:31]} Rc8 {[%clk 0:09:08]} 49. Rb7+
{[%clk 0:23:30]} Rc7 {[%clk 0:07:52]} 50. Rb6 {[%clk 0:23:21]} Rc8 {[%clk
0:04:35]} 51. Rb7+ {[%clk 0:23:35]} 1/2-1/2

[Event "Greek Team Championship"]
[Site "chess24.com"]
[Date "2017.07.08"]
[Round "7"]
[White "Filoxeni, Danai"]
[Black "Farantouri, Marina"]
[Result "1-0"]
[Board "6"]
[WhiteElo "1521"]
[WhiteCountry "GRE"]
[WhiteFideId "4248708"]
[WhiteEloChange "7"]
[BlackElo "1401"]
[BlackCountry "GRE"]
[BlackFideId "4246764"]
[BlackEloChange "-7"]

1. d4 {[%clk 1:27:57]} d5 {[%clk 1:30:56]} 2. Nf3 {[%clk 1:28:18]} Nf6 {[%clk
1:31:14]} 3. e3 {[%clk 1:28:42]} e6 {[%clk 1:30:25]} 4. Bd3 {[%clk 1:29:06]} Nbd7
{[%clk 1:30:45]} 5. O-O {[%clk 1:29:25]} Be7 {[%clk 1:31:00]} 6. Nbd2 {[%clk
1:29:48]} O-O {[%clk 1:30:10]} 7. b3 {[%clk 1:30:12]} a6 {[%clk 1:30:32]} 8. c4
{[%clk 1:30:29]} Rb8 {[%clk 1:30:16]} 9. Qe2 {[%clk 1:30:35]} c5 {[%clk 1:27:47]}
10. Bb2 {[%clk 1:28:56]} b6 {[%clk 1:24:37]} 11. Ne5 {[%clk 1:14:55]} Bb7 {[%clk
1:19:57]} 12. Rfd1 {[%clk 1:11:36]} Ne4 {[%clk 1:06:55]} 13. Bxe4 {[%clk
1:03:53]} dxe4 {[%clk 1:07:08]} 14. Nxd7 {[%clk 1:03:54]} Qxd7 {[%clk 1:07:15]}
15. dxc5 {[%clk 1:03:52]} Bxc5 {[%clk 1:07:18]} 16. Nxe4 {[%clk 1:03:17]} Qc6
{[%clk 1:06:33]} 17. Qg4 {[%clk 1:00:03]} e5 {[%clk 0:32:38]} 18. Bxe5 {[%clk
0:58:55]} f6 {[%clk 0:31:52]} 19. Bxb8 {[%clk 0:53:19]} f5 {[%clk 0:28:54]} 20.
Qg3 {[%clk 0:52:35]} Qxe4 {[%clk 0:28:45]} 21. Be5 {[%clk 0:47:23]} g6 {[%clk
0:27:18]} 22. Bd6 {[%clk 0:45:07]} Bxd6 {[%clk 0:25:04]} 23. Rxd6 {[%clk
0:45:31]} f4 {[%clk 0:24:08]} 24. exf4 {[%clk 0:45:01]} Rxf4 {[%clk 0:16:08]} 25.
f3 {[%clk 0:40:29]} Qe3+ {[%clk 0:15:03]} 26. Qf2 {[%clk 0:40:19]} Qe5 {[%clk
0:15:11]} 27. Rad1 {[%clk 0:39:50]} Rf7 {[%clk 0:14:37]} 28. Rd8+ {[%clk
0:38:10]} Kg7 {[%clk 0:12:55]} 29. Qd4 {[%clk 0:36:03]} Qxd4+ {[%clk 0:12:44]}
30. R1xd4 {[%clk 0:36:27]} Re7 {[%clk 0:12:39]} 31. R8d7 {[%clk 0:36:39]} Kf6
{[%clk 0:12:54]} 32. R4d6+ {[%clk 0:36:36]} Kf7 {[%clk 0:12:56]} 33. Rxe7+ {[%clk
0:36:58]} Kxe7 {[%clk 0:13:23]} 34. Rxb6 {[%clk 0:37:16]} 1-0

[Event "Greek Team Championship"]
[Site "chess24.com"]
[Date "2017.07.08"]
[Round "7"]
[White "Ntala, Konstantina"]
[Black "Chatzipanagiotou, Asimenia"]
[Result "1/2-1/2"]
[Board "7"]
[WhiteElo "1069"]
[WhiteCountry "GRE"]
[WhiteFideId "25836234"]
[WhiteEloChange "6"]
[BlackElo "1287"]
[BlackCountry "GRE"]
[BlackFideId "25800396"]
[BlackEloChange "-6"]

1. e4 {[%clk 1:30:58]} e5 {[%clk 1:28:59]} 2. Nf3 {[%clk 1:31:23]} Nc6 {[%clk
1:29:21]} 3. Nc3 {[%clk 1:31:42]} d6 {[%clk 1:29:16]} 4. d4 {[%clk 1:31:56]} exd4
{[%clk 1:28:32]} 5. Nxd4 {[%clk 1:32:20]} Bd7 {[%clk 1:27:26]} 6. Bb5 {[%clk
1:27:25]} Nf6 {[%clk 1:24:16]} 7. Nxc6 {[%clk 1:27:15]} Bxc6 {[%clk 1:23:51]} 8.
Bxc6+ {[%clk 1:27:41]} bxc6 {[%clk 1:24:05]} 9. Bg5 {[%clk 1:27:50]} h6 {[%clk
1:22:41]} 10. Bh4 {[%clk 1:27:38]} Be7 {[%clk 1:21:11]} 11. O-O {[%clk 1:27:20]}
O-O {[%clk 1:20:03]} 12. Re1 {[%clk 1:26:38]} Re8 {[%clk 1:16:23]} 13. e5 {[%clk
1:19:29]} Nd7 {[%clk 1:12:19]} 14. Bxe7 {[%clk 1:19:42]} Rxe7 {[%clk 1:12:29]}
15. exd6 {[%clk 1:20:06]} Rxe1+ {[%clk 1:12:44]} 16. Qxe1 {[%clk 1:20:31]} cxd6
{[%clk 1:13:05]} 17. Rd1 {[%clk 1:19:58]} d5 {[%clk 1:11:47]} 18. Ne2 {[%clk
1:19:24]} Qb6 {[%clk 1:05:44]} 19. b3 {[%clk 1:17:38]} Re8 {[%clk 1:04:09]} 20.
Qd2 {[%clk 1:17:42]} Qa6 {[%clk 1:02:29]} 21. Nc1 {[%clk 1:17:27]} Nf6 {[%clk
1:00:02]} 22. Qd3 {[%clk 1:08:31]} Qa5 {[%clk 0:54:40]} 23. Kf1 {[%clk 0:58:39]}
Ne4 {[%clk 0:47:46]} 24. a4 {[%clk 0:49:11]} Nc3 {[%clk 0:42:30]} 25. Re1 {[%clk
0:46:58]} Rxe1+ {[%clk 0:41:48]} 26. Kxe1 {[%clk 0:47:24]} Nxa4+ {[%clk 0:40:56]}
27. Kf1 {[%clk 0:46:21]} Nc5 {[%clk 0:39:43]} 28. Qe2 {[%clk 0:43:23]} Kf8 {[%clk
0:33:09]} 29. f3 {[%clk 0:40:17]} Qc3 {[%clk 0:31:35]} 30. Kf2 {[%clk 0:35:08]}
Qb2 {[%clk 0:27:35]} 31. Qd2 {[%clk 0:32:49]} Ne6 {[%clk 0:25:23]} 32. Ne2 {[%clk
0:31:51]} Qe5 {[%clk 0:19:42]} 33. g3 {[%clk 0:26:51]} Qf6 {[%clk 0:16:37]} 34.
Qb4+ {[%clk 0:24:20]} Qe7 {[%clk 0:14:53]} 35. Qb8+ {[%clk 0:23:07]} Nd8 {[%clk
0:13:28]} 36. Nd4 {[%clk 0:22:58]} Ke8 {[%clk 0:12:06]} 37. Kg2 {[%clk 0:17:07]}
Qd7 {[%clk 0:08:54]} 38. Qe5+ {[%clk 0:16:02]} Kf8 {[%clk 0:07:45]} 39. Qb8
{[%clk 0:13:36]} Ke8 {[%clk 0:06:31]} 40. Qe5+ {[%clk 0:42:13]} 1/2-1/2

[Event "Greek Team Championship"]
[Site "chess24.com"]
[Date "2017.07.08"]
[Round "7"]
[White "Kalogeris, Ioannis"]
[Black "Kalogridakis, Theodoros"]
[Result "0-1"]
[Board "8"]
[WhiteElo "2295"]
[WhiteCountry "GRE"]
[WhiteFideId "4239563"]
[WhiteEloChange "-16"]
[BlackElo "2069"]
[BlackCountry "GRE"]
[BlackFideId "4249674"]
[BlackEloChange "16"]

1. Nf3 {[%clk 1:17:39]} Nf6 {[%clk 1:30:50]} 2. c4 {[%clk 1:18:06]} c5 {[%clk
1:31:13]} 3. g3 {[%clk 1:18:31]} d5 {[%clk 1:31:27]} 4. cxd5 {[%clk 1:18:25]}
Nxd5 {[%clk 1:31:48]} 5. Bg2 {[%clk 1:18:47]} Nc6 {[%clk 1:31:20]} 6. Nc3 {[%clk
1:19:11]} Nc7 {[%clk 1:30:25]} 7. O-O {[%clk 1:18:03]} e5 {[%clk 1:30:38]} 8. d3
{[%clk 1:18:23]} Be7 {[%clk 1:29:25]} 9. Be3 {[%clk 1:18:36]} O-O {[%clk
1:26:50]} 10. Na4 {[%clk 1:18:50]} b6 {[%clk 1:26:45]} 11. Rc1 {[%clk 1:17:47]}
Be6 {[%clk 0:55:23]} 12. a3 {[%clk 1:13:01]} Na5 {[%clk 0:52:10]} 13. Nc3 {[%clk
1:09:27]} f6 {[%clk 0:51:03]} 14. Nd2 {[%clk 0:56:53]} Rc8 {[%clk 0:51:26]} 15.
Qa4 {[%clk 0:43:10]} Qe8 {[%clk 0:48:07]} 16. Qe4 {[%clk 0:37:28]} Qg6 {[%clk
0:46:03]} 17. Qxg6 {[%clk 0:35:34]} hxg6 {[%clk 0:45:08]} 18. f4 {[%clk 0:36:00]}
exf4 {[%clk 0:44:55]} 19. Rxf4 {[%clk 0:33:10]} Nb3 {[%clk 0:44:42]} 20. Rcf1
{[%clk 0:31:52]} Nxd2 {[%clk 0:39:20]} 21. Bxd2 {[%clk 0:31:16]} Bb3 {[%clk
0:39:34]} 22. Re4 {[%clk 0:29:52]} Bd6 {[%clk 0:39:33]} 23. Bf4 {[%clk 0:28:30]}
Bxf4 {[%clk 0:39:42]} 24. gxf4 {[%clk 0:27:23]} Rfe8 {[%clk 0:36:38]} 25. Rf3
{[%clk 0:24:02]} Rxe4 {[%clk 0:35:15]} 26. dxe4 {[%clk 0:24:25]} Rd8 {[%clk
0:35:00]} 27. Nd5 {[%clk 0:20:24]} Bxd5 {[%clk 0:34:45]} 28. Rd3 {[%clk 0:19:03]}
Ne6 {[%clk 0:33:03]} 29. exd5 {[%clk 0:07:39]} Nxf4 {[%clk 0:33:25]} 30. Rd2
{[%clk 0:08:05]} Kf7 {[%clk 0:32:40]} 31. Bh1 {[%clk 0:07:23]} g5 {[%clk
0:32:16]} 32. e3 {[%clk 0:06:58]} Ng6 {[%clk 0:32:41]} 33. d6 {[%clk 0:03:18]}
Ne5 {[%clk 0:32:52]} 34. Bd5+ {[%clk 0:03:38]} Ke8 {[%clk 0:33:13]} 35. Kf2
{[%clk 0:03:25]} Rxd6 {[%clk 0:33:32]} 36. e4 {[%clk 0:03:51]} Ke7 {[%clk
0:32:36]} 37. b4 {[%clk 0:03:55]} cxb4 {[%clk 0:29:39]} 38. axb4 {[%clk 0:04:24]}
g6 {[%clk 0:29:36]} 39. Ke3 {[%clk 0:01:34]} f5 {[%clk 0:29:34]} 40. Rc2 {[%clk
0:30:48]} f4+ {[%clk 1:00:00]} 41. Kd4 {[%clk 0:30:09]} Nf3+ {[%clk 0:58:50]} 42.
Kc3 {[%clk 0:28:34]} Kf6 {[%clk 0:58:55]} 43. Rf2 {[%clk 0:28:13]} g4 {[%clk
0:51:30]} 44. h3 {[%clk 0:27:44]} Ke5 {[%clk 0:51:24]} 45. hxg4 {[%clk 0:27:42]}
Ng5 {[%clk 0:51:49]} 46. Re2 {[%clk 0:27:22]} f3 {[%clk 0:52:12]} 47. Re1 {[%clk
0:27:25]} Kf4 {[%clk 0:51:57]} 48. Kd4 {[%clk 0:23:24]} f2 {[%clk 0:49:56]} 0-1

[Event "Greek Team Championship"]
[Site "chess24.com"]
[Date "2017.07.08"]
[Round "7"]
[White "Deligiannis, Christos Nikolaos"]
[Black "Pissadakis, Dimitrios"]
[Result "1/2-1/2"]
[Board "9"]
[WhiteElo "1650"]
[WhiteCountry "GRE"]
[WhiteFideId "25820249"]
[WhiteEloChange "5"]
[BlackElo "1853"]
[BlackCountry "GRE"]
[BlackFideId "4251768"]
[BlackEloChange "-5"]

1. e4 {[%clk 1:30:30]} c5 {[%clk 1:17:59]} 2. Nf3 {[%clk 1:30:54]} e6 {[%clk
1:18:23]} 3. d4 {[%clk 1:31:21]} cxd4 {[%clk 1:18:48]} 4. Nxd4 {[%clk 1:31:21]}
a6 {[%clk 1:18:48]} 5. Be3 {[%clk 1:31:00]} Qc7 6. Nc3 {[%clk 1:31:00]} Nf6 7.
Qd2 {[%clk 1:31:00]} b5 8. f3 {[%clk 1:31:00]} Bb7 9. Bd3 {[%clk 1:31:00]} d5 10.
exd5 {[%clk 1:31:00]} Nxd5 11. Nxd5 {[%clk 1:31:00]} Bxd5 12. O-O {[%clk
1:31:00]} Bd6 13. f4 {[%clk 1:31:00]} Nd7 14. Bxb5 {[%clk 1:31:00]} O-O 15. Be2
{[%clk 1:31:00]} Nf6 16. Bf3 {[%clk 1:31:00]} Rab8 17. b3 {[%clk 1:31:00]} Rbd8
18. Qf2 {[%clk 1:31:00]} Bxf3 19. Qxf3 {[%clk 1:31:00]} Nd5 20. Bf2 {[%clk
1:31:00]} Nxf4 21. Bg3 {[%clk 1:31:00]} Bc5 22. c3 {[%clk 1:31:00]} e5 23. Bxf4
{[%clk 1:31:00]} Rxd4 24. cxd4 {[%clk 1:31:00]} Bxd4+ 25. Be3 {[%clk 1:31:00]}
Bxa1 26. Rxa1 {[%clk 1:31:00]} Qc2 27. Qf2 {[%clk 1:31:00]} Qc3 28. Rc1 {[%clk
1:31:00]} Qa5 29. Rc5 {[%clk 1:31:00]} Qd8 30. Rxe5 {[%clk 1:31:00]} Qd1+ 31. Qf1
{[%clk 1:31:00]} Qc2 32. Qf2 {[%clk 1:31:00]} Qb1+ 33. Qf1 {[%clk 1:31:00]} Qxa2
34. b4 {[%clk 1:31:00]} Qb2 35. Re4 {[%clk 1:31:00]} Qc2 36. Rg4 {[%clk 1:31:00]}
h5 37. Rf4 {[%clk 1:31:00]} Rd8 38. Qxa6 {[%clk 1:31:00]} Qb1+ 39. Rf1 {[%clk
1:31:08]} Qxb4 40. Qa7 {[%clk 1:30:44]} Qb3 41. Qb6 {[%clk 1:25:57]} Qd3 42. Bg5
{[%clk 1:23:45]} Re8 43. Qa7 {[%clk 1:19:13]} Qd5 44. Bc1 {[%clk 1:18:51]} h4 45.
Qf2 {[%clk 1:18:41]} h3 46. gxh3 {[%clk 1:13:49]} Qe6 47. Qg2 {[%clk 1:13:16]}
Qb6+ 48. Kh1 {[%clk 1:13:12]} Re6 49. Rg1 {[%clk 1:12:29]} Rg6 50. Qa8+ {[%clk
1:10:12]} Kh7 51. Rxg6 {[%clk 1:10:12]} Qxg6 52. Qf3 {[%clk 1:10:04]} Qb1 53. Qe3
{[%clk 1:09:01]} Qc2 54. Qd2 {[%clk 1:08:01]} Qg6 55. Qe3 {[%clk 1:08:14]} Kh8
56. Qg5 {[%clk 1:07:35]} Qe4+ 57. Kg1 {[%clk 1:03:40]} Qe1+ 58. Kg2 {[%clk
1:03:40]} Qe2+ 59. Kg3 {[%clk 1:03:40]} Qe1+ 60. Kf3 {[%clk 1:03:40]} Qf1+ 61.
Ke4 {[%clk 1:03:40]} Qc4+ 62. Kf3 {[%clk 1:02:02]} Qf1+ 63. Ke4 {[%clk 1:01:47]}
Qc4+ 64. Kf3 {[%clk 1:01:46]} 1/2-1/2